| 000 | 00550nam a22001577a 4500 | ||
|---|---|---|---|
| 999 |
_c1440 _d1440 |
||
| 008 | 200124b ||||| |||| 00| 0 eng d | ||
| 082 | 0 | 0 |
_a621.431 _bM8471 |
| 100 |
_9191 _aMorgan, J. D. |
||
| 245 | 1 | 0 |
_aPrinciples of ignition; a description of the main facts and theories relating to the ignition of inflammable gas mixtures by sparks, flames, incandescent solids, and other sources _cby J D Morgan |
| 250 | _a1st | ||
| 260 |
_aLondon _bPitman _c1944 |
||
| 300 | _avii,133p. | ||
| 365 | _d7.01 | ||
| 650 | 0 | _aInternal Combustion Engines | |
| 942 | _cBK | ||